Justice for victims of crime: human dignity as the foundation of criminal justice in Europe
| 1. VerfasserIn: | |
|---|---|
| Medienart: | Druck Buch |
| Sprache: | Englisch |
| Veröffentlicht: |
Cham, Switzerland
Springer
[2017]
|
| In: | Jahr: 2017 |
| Online-Zugang: |
Inhaltsverzeichnis Klappentext (Verlag) |
| Bestand in Tübingen: | In Tübingen vorhanden. UB: KB 20 A 8549 |
| Verfügbarkeit prüfen: | HBZ Gateway |
| Subito Bestelldienst: | Jetzt bestellen. |
| Schlagwörter: |
MARC
| LEADER | 00000cam a2200000 c 4500 | ||
|---|---|---|---|
| 001 | 878939431 | ||
| 003 | DE-627 | ||
| 005 | 20251224203800.0 | ||
| 007 | tu | ||
| 008 | 170203s2017 sz ||||| 00| ||eng c | ||
| 010 | |a 2016952526 | ||
| 020 | |a 9783319450469 |c : Festeinband |9 978-3-319-45046-9 | ||
| 035 | |a (DE-627)878939431 | ||
| 035 | |a (DE-576)482821078 | ||
| 035 | |a (DE-599)BSZ482821078 | ||
| 035 | |a (OCoLC)1021121909 | ||
| 035 | |a (OCoLC)974491000 | ||
| 040 | |a DE-627 |b ger |c DE-627 |e rda | ||
| 041 | |a eng | ||
| 044 | |c XA-CH | ||
| 072 | 7 | |a LB |2 bicssc | |
| 072 | 7 | |a LAW051000 |2 bisacsh | |
| 082 | 0 | |a 341.2422 |q SEPA | |
| 084 | |a 2,1 |2 ssgn | ||
| 090 | |a a | ||
| 100 | 1 | |a Dearing, Albin |e VerfasserIn |0 (DE-588)1061105776 |0 (DE-627)804369909 |0 (DE-576)181103214 |4 aut | |
| 109 | |a Dearing, Albin | ||
| 245 | 1 | 0 | |a Justice for victims of crime |b human dignity as the foundation of criminal justice in Europe |c Albin Dearing |
| 264 | 1 | |a Cham, Switzerland |b Springer |c [2017] | |
| 264 | 4 | |c © 2017 | |
| 300 | |a xxv, 398 Seiten | ||
| 336 | |a Text |b txt |2 rdacontent | ||
| 337 | |a ohne Hilfsmittel zu benutzen |b n |2 rdamedia | ||
| 338 | |a Band |b nc |2 rdacarrier | ||
| 500 | |a Literaturangaben. - Sachregister: Seite 395-398 | ||
| 500 | |a "Table of cases": Seite 389-393 | ||
| 583 | 1 | |a Archivierung/Langzeitarchivierung gewährleistet |f SSG |x XA-DE-BW |2 pdager |5 DE-21 | |
| 689 | 0 | 0 | |d s |0 (DE-588)4078782-5 |0 (DE-627)106076329 |0 (DE-576)20921001X |a Verbrechensopfer |2 gnd |
| 689 | 0 | 1 | |d s |0 (DE-588)4038654-5 |0 (DE-627)106231219 |0 (DE-576)209031360 |a Menschenwürde |2 gnd |
| 689 | 0 | 2 | |d s |0 (DE-588)4121733-0 |0 (DE-627)104544449 |0 (DE-576)209545712 |a Strafrechtspflege |2 gnd |
| 689 | 0 | |5 DE-101 | |
| 776 | 1 | |o 10.1007/978-3-319-45048-3 | |
| 776 | 1 | |z 9783319450483 |c : (eBook) | |
| 856 | 4 | 2 | |u https://swbplus.bsz-bw.de/bsz482821078inh.htm |m B:DE-576;DE-21 |q application/pdf |v 20170224132326 |x Verlag |3 Inhaltsverzeichnis |7 1 |
| 856 | 4 | 2 | |u https://swbplus.bsz-bw.de/bsz482821078kla.htm |m B:DE-576;DE-21 |q application/pdf |v 20170224132327 |x Verlag |3 Klappentext |7 1 |
| 935 | |a mkri | ||
| 935 | |i sf | ||
| 935 | |i Blocktest | ||
| 951 | |a BO | ||
| ELC | |b 1 | ||
| LOK | |0 000 xxxxxcx a22 zn 4500 | ||
| LOK | |0 001 3249446459 | ||
| LOK | |0 003 DE-627 | ||
| LOK | |0 004 878939431 | ||
| LOK | |0 005 20170221134657 | ||
| LOK | |0 008 170201||||||||||||||||ger||||||| | ||
| LOK | |0 040 |a DE-21 |c DE-627 |d DE-21 | ||
| LOK | |0 852 |a DE-21 | ||
| LOK | |0 852 1 |c KB 20 A 8549 |9 00 | ||
| LOK | |0 935 |a krim | ||
| LOK | |0 938 |a 1702 |f 34 | ||
| LOK | |0 939 |a 01-02-17 |b l01 | ||
| LOK | |0 000 xxxxxcx a22 zn 4500 | ||
| LOK | |0 001 3249446610 | ||
| LOK | |0 003 DE-627 | ||
| LOK | |0 004 878939431 | ||
| LOK | |0 005 20170816155322 | ||
| LOK | |0 008 170808||||||||||||||||ger||||||| | ||
| LOK | |0 040 |a DE-Frei85 |c DE-627 |d DE-Frei85 | ||
| LOK | |0 852 |a DE-Frei85 | ||
| LOK | |0 852 1 |m p |9 00 | ||
| LOK | |0 938 |k p | ||
| LOK | |0 939 |a 08-08-17 |b l01 | ||
| ORI | |a SA-MARC-krimdoka001.raw | ||
| SIG | |a UB: KB 20 A 8549 | ||
